000 00298nam a22001337a 4500
008 170606b xxu||||| |||| 00| 0 eng d
020 _a015184860
041 _aeng
080 _a94(6)
100 _a18
101 _aSHH
245 _aSQUANDERING EDEN AFRICA THE
_cROSENBLUM.M
942 _2udc
_cBK
999 _c16119
_d16119